000 00697aab a22001934i 4500
001 768714001
003 CO-MdFUSB
005 20240530115625.0
008 170508s1992 cr ||||| |||| 00| 0 spa d
040 _aCO-MdFUSB
_bspa
_cCO-MdFUSB
_dCO-MdFUSB
041 _aspa
245 0 0 _aReportaje con Renán Murillo Pizarro
300 _aVolumen 10. Número 1 (1992), páginas 27-29
_c: 27 cm.
520 _a"Muchas veces debemos tomar decisiones difíciles, y el saber que hay cristianos que oran por nosotros nos reconforta mucho"
653 _aEntrevista
773 0 _tApuntes Pastorales
_049442
_960137
_gVolumen 10. Número 1 (1992), páginas 27-29
_qPágina 27
942 _cANA
945 _aJTF-925
999 _c49733
_d49733